000 03267cam a22004694i 4500
999 _c113404
_d113404
001 17235135
003 BJBSDDR
005 20230411090604.0
007 ta
008 120330s2014 enk b 000 0 eng
010 _a 2012012601
020 _a9780521148450 (paperback)
020 _a0521148456 (paperback)
040 _aDLC
_bspa
_cDLC
_erda
041 _aeng
042 _apcc
050 0 0 _aJZ 4034
_bC678g 2014
082 0 0 _a320.1/5
_223
084 _aPOL010000
_2bisacsh
100 1 _aCohen, Jean L.
_q(Jean Louise),
_d1946-
_910514
245 1 0 _aGlobalization and sovereignty :
_brethinking legality, legitimacy and constitutionalism /
_cJean L. Cohen.
264 1 _aCambridge :
_bCambridge University Press,
_c2014.
300 _axii, 442 pages ;
_c24 cm
336 _atext
_2rdacontent
337 _aunmediated
_2rdamedia
338 _avolume
_2rdacarrier
504 _aIncludes bibliographical references.
505 8 _aMachine generated contents note: Introduction; 1. Sovereignty in the context of globalisation: a constitutional pluralist approach; 2. Constitutionalism and political form: rethinking federation; 3. International human rights, sovereignty and global governance: toward a new political conception; 4. Sovereignty and human rights in 'post conflict' constitution-making: toward a jus post-bellum for interim occupations; 5. Security council activism in the 'war on terror': legality and legitimacy reconsidered; Conclusion.
520 _a"Sovereignty and the sovereign state are often seen as anachronisms; Globalisation and Sovereignty challenges this view. Jean L. Cohen analyses the new sovereignty regime emergent since the 1990s evidenced by the discourses and practice of human rights, humanitarian intervention, transformative occupation and the UN targeted sanctions regime that blacklists alleged terrorists. Presenting a systematic theory of sovereignty and its transformation in international law and politics, Cohen argues for the continued importance of sovereign equality. She offers a theory of a dualistic world order comprising an international society of states and a global political community in which human rights and global governance institutions affect the law, policies and political culture of sovereign states. She advocates the constitutionalisation of these institutions, within the framework of constitutional pluralism. This book will appeal to students of international political theory and law, political scientists, sociologists, legal historians and theorists of constitutionalism"--
_cProvided by publisher.
650 0 _aSovereignty.
650 4 _aSoberanía
_92569
650 0 _aInternational relations.
650 4 _aRelaciones internacionales
_9154
650 0 _aInternational law.
650 0 _aDerecho internacional
_93007
650 0 _aGlobalization
_xPolitical aspects.
650 4 _aGlobalización
_97771
_xAspectos políticos
856 4 2 _3Cover image
_uhttp://assets.cambridge.org/97805217/65855/cover/9780521765855.jpg
906 _a7
_bcbc
_corignew
_d1
_eecip
_f20
_gy-gencatlg
942 _2lcc
_cBK